书目信息 |
| 题名: |
战后日本教育研究
|
|
| 作者: | 梁忠义 主编 | |
| 分册: | ||
| 出版信息: | 南昌 江西教育出版社 1993.10 |
|
| 页数: | 464页 | |
| 开本: | 20cm | |
| 丛书名: | 战后国际教育研究丛书 | |
| 单 册: | ||
| 中图分类: | G531.3 | |
| 科图分类: | 38.343 | |
| 主题词: | 教育--概况--日本 | |
| 电子资源: | ||
| ISBN: | 7-5392-1441-4 | |
| 000 | 00862nam2 2200265 45 | |
| 001 | 1560766695 | |
| 005 | 20150130165331.51 | |
| 010 | @a7-5392-1441-4@dCNY8.50 | |
| 100 | @a19940308d1993 emky0chiy0121 ea | |
| 101 | 0 | @achi |
| 102 | @aCN@b360000 | |
| 105 | @ay z 000yy | |
| 200 | 10 | @a战后日本教育研究@AZHAN HOU RI BEN JIAO YU YAN JIU@f梁忠义主编@FLIANG ZHONG YI ZHU BIAN |
| 210 | @a南昌@c江西教育出版社@d1993.10 | |
| 215 | @a464页@d20cm | |
| 225 | 2 | @a战后国际教育研究丛书 |
| 330 | @a包括战后日本教育改革概述、幼儿教育、中小学教育、高等教育、职业技术教育等11章。 | |
| 410 | 0 | @120010@a战后国际教育研究丛书 |
| 540 | 1 | @a战后 日本 教育@AZHAN HOU RI BEN JIAO YU |
| 606 | @a教育@x概况@y日本 | |
| 690 | @aG531.3@v三版 | |
| 692 | @a38.343 | |
| 701 | 0 | @a梁忠义@ALIANG ZHONG YI@4主编 |
| 801 | 0 | @aCN@bTSSF@c20150130 |
| 905 | @aZUCC@dG531.3@eJY3 | |
| 战后日本教育研究/梁忠义主编.-南昌:江西教育出版社,1993.10 |
| 464页;20cm.-(战后国际教育研究丛书) |
| ISBN 7-5392-1441-4:CNY8.50 |
| 包括战后日本教育改革概述、幼儿教育、中小学教育、高等教育、职业技术教育等11章。 |
| ● |
| 相关链接 |
|
|
|
|
正题名:战后日本教育研究
索取号:G531.3/JY3
 
预约/预借
| 序号 | 登录号 | 条形码 | 馆藏地/架位号 | 状态 | 备注 |
| 1 | 7860555 | 278605555 | 学院路分馆/ [索取号:G531.3/JY3] | 在馆 |